000 00542nam a2200181Ia 4500
005 20250508160922.0
008 008 250505s9999 xx 000 0 eng d
037 _aReference
040 _aFEDL
_beng
_cFEDL
041 _aeng
_2eng
084 _a425, MAC
_qFEDL
245 0 _aExercises in english patterns and usage
260 _aLondon, UK
_bOxford University Press
_c1962
300 _aiv,60p.
490 _a3 The verb: Tenses, patterns and idioms (Third series)
942 _cREF
_h425, MAC
999 _c1367395
_d1367395